|
|
|
|
| LEADER |
00000nam a2200000 4500 |
| 001 |
vtls011911487 |
| 003 |
SK-MaSNL |
| 005 |
20260302093116.0 |
| 008 |
200116s2020 gw hnd 000 0cger |
| 020 |
|
|
|a 9783110232738
|q (band 107 ;
|q viazané)
|
| 040 |
|
|
|a SNK
|b slo
|c SNK
|e rda
|
| 041 |
0 |
|
|a ger
|
| 044 |
|
|
|a gw
|c DE
|a xxu
|c US
|
| 072 |
|
7 |
|a 72/76
|x Výtvarné umenie
|2 konspekt
|
| 072 |
|
7 |
|a 72
|x Architektúra
|2 konspekt
|
| 080 |
|
|
|a 7.071
|2 2011
|
| 080 |
|
|
|a 72
|2 2011
|
| 080 |
|
|
|a 72.071
|2 2011
|
| 080 |
|
|
|a (100)
|2 2011
|
| 080 |
|
|
|a (031)929
|2 2011
|
| 245 |
0 |
3 |
|a De Gruyter allgemeines Künstler-Lexikon
|b die bildenden Künstler aller Zeiten und Völker
|n Band 107
|p Stuntz - Tandy
|c herausgegeben von Andreas Beyer, Bénédicte Savoy und Wolf Tegethoff
|
| 246 |
3 |
|
|a Allgemeines Künstler-Lexikon
|
| 246 |
3 |
|
|a Bildenden Künstler aller Zeiten und Völker
|
| 246 |
3 |
0 |
|a Stuntz - Tandy
|
| 264 |
|
1 |
|a Berlin
|a Boston
|b de Gruyter
|c [2020]
|
| 264 |
|
4 |
|a ©2020
|
| 300 |
|
|
|a li, 540 strán
|c 25 cm
|
| 336 |
|
|
|a text
|b txt
|2 rdacontent
|
| 337 |
|
|
|a bez média
|b n
|2 rdamedia
|
| 338 |
|
|
|a zväzok
|b nc
|2 rdacarrier
|
| 500 |
|
|
|a Obsahuje zoznam autorov a autoriek ; pomôcky pri používaní slovníka a zoznam skratiek
|
| 504 |
|
|
|a Obsahuje bibliografické odkazy
|
| 650 |
0 |
7 |
|a umelci
|2 SNKPH
|9 2894
|
| 650 |
0 |
7 |
|a výtvarníci
|2 SNKPH
|9 118705
|
| 650 |
0 |
7 |
|a architekti
|2 SNKPH
|9 2959
|
| 650 |
0 |
7 |
|a Artists
|2 SNKPHeng
|9 265151
|
| 650 |
0 |
7 |
|a Architects
|2 SNKPHeng
|9 275799
|
| 650 |
0 |
7 |
|a Countries of the world
|2 SNKPHeng
|9 266537
|
| 651 |
|
7 |
|a krajiny sveta
|2 SNKPH
|9 253334
|
| 655 |
|
7 |
|a biografické slovníky
|2 SNKPH
|9 51960
|
| 655 |
|
7 |
|a Biographical dictionaries
|2 SNKPHeng
|9 278210
|
| 700 |
1 |
|
|a Beyer, Andreas,
|d 1957-
|4 edt
|9 157015
|
| 700 |
1 |
|
|a Savoy, Bénédicte,
|d 1972-
|4 edt
|9 157016
|
| 700 |
1 |
|
|a Tegethoff, Wolf,
|d 1953-
|4 edt
|9 157017
|
| 752 |
|
|
|a Nemecko
|d Berlín
|
| 919 |
|
|
|a 978-3-11-023273-8
|
| 958 |
|
|
|a NB
|
| 958 |
|
|
|a DE
|
| 999 |
|
|
|c 1207521
|d 1209451
|
| 952 |
|
|
|t snkALL/107 7(031)
|a SNKUST
|b SNKUST
|y PREZ
|7 0
|p 17A1445341
|o snkIC 122948/107
|i snk2020/22140
|8 4
|g 311.42
|0 0
|1 0
|4 0
|d 2020-01-16
|l 0
|r 2025-03-19 00:00:00
|w 2026-02-24
|